000 00210 a2200097 4500
001 10839
100 _aLippmann, W.
245 _aThe Public Philosophy
260 _a
_bAtlantic Montbly
_c
090 _c8416
_d8416
942 _aNUST-CAE
_cM
_c35174
999 _c245912
_d245912